[Event "Baleares-chT"]
[Site "Ibiza"]
[Date "2012.06.12"]
[Round "4.2"]
[White "Herbera Pons, Pere"]
[Black "Mascaro March, Pedro"]
[Result "0-1"]
[WhiteElo "1939"]
[BlackElo "2349"]
[PlyCount "82"]
[EventDate "2012.05.10"]
[EventType "team-swiss"]
[EventRounds "5"]
[EventCountry "ESP"]
[SourceTitle "EXT 2014"]
[Source "ChessBase"]
[SourceDate "2013.11.20"]
[SourceVersion "1"]
[SourceVersionDate "2013.11.20"]
[SourceQuality "1"]

1. d4 Nf6 2. Nf3 d5 3. c4 e6 4. Nc3 Be7 5. Bg5 0-0 6. e3 h6 7. Bh4 b6 8. cxd5 Nxd5 9. Bxe7 Qxe7 10. Nxd5 exd5 11. Bd3 Be6 12. 0-0 c5 13. Rc1 Nd7 14. Bb1 c4 15. e4 dxe4 16. Bxe4 Rac8 17. Re1 Qb4 18. Qc2 Nf6 19. Qc3 Qd6 20. Rcd1 Nxe4 21. Rxe4 b5 22. a3 Bd5 23. Re3 Rfe8 24. Rde1 Rxe3 25. fxe3 Qg6 26. Kf2 Re8 27. Qa5 a6 28. a4 Bxf3 29. gxf3 Qh5 30. Rg1 Qxh2+ 31. Rg2 Qh4+ 32. Ke2 Qxd4 33. Qc3 Qxc3 34. bxc3 Rd8 35. axb5 axb5 36. Rg1 Rd3 37. Rb1 Rxc3 38. Rxb5 Rc2+ 39. Ke1 c3 40. e4 Rc1+ 41. Ke2 c2 0-1